| 000 | 00590nam a22001937a 4500 | ||
|---|---|---|---|
| 005 | 20251108163339.0 | ||
| 008 | 250721s1995 xx 000 0 ara d | ||
| 082 | 1 | 4 | _a194/سون |
| 100 | 1 |
_aمجلي، توفيق _eمترجم |
|
| 245 | 1 | 0 | _aالفلسفة الجوهرية / |
| 264 | 1 |
_aالقاهرة : _bالهيئة العامة للكتاب، _c1995. |
|
| 300 | _a127ص | ||
| 490 | 0 | _aالألف كتاب الثاني ؛ 172 | |
| 650 | 1 | 7 | _aالفلسفة الفرنسية |
| 650 | 1 | 7 | _aالوجودية |
| 700 | 1 |
_aسونداري، _eمؤلف |
|
| 942 |
_2ddc _cBK |
||
| 999 |
_c389 _d389 |
||